Inštitucionálny rámec rozvojovej pomoci

Trojaký pohľad na rozvojovú spoluprácu - porovnanie súčasných troch najväčších systémov rozvojovej pomoci. Popis troch inštitucionálnych úrovní systému OSN. Popis z hľadiska objemu poskytovanej pomoci najväčšieho systému rozvojovej pomoci v súčasnosti - OECD. Úlohy Brettonwoodských inštitúcií (Skupi...

ver descrição completa

Na minha lista:
Detalhes bibliográficos
Autor principal: Raslavská, Ivana
Outros Autores: Sládková, Zuzana
Formato: Capítulo de Livro
Idioma:eslovaco
Assuntos:
Tags: Adicionar Tag
Sem tags, seja o primeiro a adicionar uma tag!

MARC

LEADER 00000naa$a2200000$$$4500
001 0050624
005 20240502071600.8
041 0 |a slo 
044 |a SK 
245 1 0 |a Inštitucionálny rámec rozvojovej pomoci  |c Ivana Raslavská, Zuzana Sládková 
520 |a Trojaký pohľad na rozvojovú spoluprácu - porovnanie súčasných troch najväčších systémov rozvojovej pomoci. Popis troch inštitucionálnych úrovní systému OSN. Popis z hľadiska objemu poskytovanej pomoci najväčšieho systému rozvojovej pomoci v súčasnosti - OECD. Úlohy Brettonwoodských inštitúcií (Skupina Svetovej banky a Medzinárodný menový fond) v rozvojovej pomoci. Problémy a negatíva systémov rozvojovej pomoci. 
610 2 0 |a pomoc rozvojová 
610 2 0 |a systém 
610 2 0 |a OSN 
610 2 0 |a OECD 
610 2 0 |a Svetová banka 
610 2 0 |a Medzinárodný menový fond 
100 1 |a Raslavská, Ivana 
700 1 |a Sládková, Zuzana